Most Popular Websites A-Z - Statistics

General Stats
  • This quiz has been taken 30 times
  • The average score is 7 of 26
Answer Stats
Hint Answer % Correct
A Amazon
90%
G Google
90%
F Facebook
83%
Y YouTube
66%
E Ebay
62%
T Twitter
62%
B Bing
59%
I Instagram
59%
W Wikipedia
59%
R Reddit
28%
L LinkedIn
21%
C Craigslist
17%
N Netflix
14%
P Pinterest
14%
Q Quora
14%
H Huffington Post
3%
Z Zillow
3%
D Diply
0%
J JCPenny
0%
K Kohls
0%
M Microsoft Online
0%
O Office.com
0%
S Salesforce
0%
U USPS
0%
V Vice
0%
X Xfinity
0%
No matching quizzes found
Score Distribution
Percent of People with Each Score
Percentile by Number Answered
Your Score History
You have not taken this quiz